UM Logo

Lived experiences of startup pharmaceutical owners : (Record no. 20410)

MARC details
000 -LEADER
fixed length control field 00724nam a22001817a 4500
005 - DATE AND TIME OF LATEST TRANSACTION
control field 20260416114811.0
008 - FIXED-LENGTH DATA ELEMENTS--GENERAL INFORMATION
fixed length control field 240814b ||||| |||| 00| 0 eng d
082 ## - DEWEY DECIMAL CLASSIFICATION NUMBER
Edition number 2023
Classification number UT
100 ## - MAIN ENTRY--PERSONAL NAME
Personal name Embaan, Excel.
9 (RLIN) 57607
245 ## - TITLE STATEMENT
Title Lived experiences of startup pharmaceutical owners :
Remainder of title insight from starters /
Statement of responsibility, etc. Excel Embaan, Trisha Gabrielle T. Gumawa, and Wenona Gee D. Paden
260 ## - PUBLICATION, DISTRIBUTION, ETC. (IMPRINT)
Place of publication, distribution, etc. Digos City :
Name of publisher, distributor, etc. UMDC,
Date of publication, distribution, etc. ©March 2023.
300 ## - PHYSICAL DESCRIPTION
Extent viii, 105 pages :
Dimensions 30 cm.
Other physical details illustrations (some colors) :
500 ## - GENERAL NOTE
General note Includes references and appendices.
650 ## - SUBJECT ADDED ENTRY--TOPICAL TERM
Topical term or geographic name as entry element Financial Management.
General subdivision Undergraduate Thesis.
9 (RLIN) 57483
700 ## - ADDED ENTRY--PERSONAL NAME
Personal name Gumawa, Trisha Gabrielle T.
9 (RLIN) 57608
700 ## - ADDED ENTRY--PERSONAL NAME
Personal name Paden, Wenona Gee D.
9 (RLIN) 57609
942 ## - ADDED ENTRY ELEMENTS (KOHA)
Source of classification or shelving scheme Dewey Decimal Classification
Koha item type Undergraduate Thesis
Holdings
Withdrawn status Lost status Source of classification or shelving scheme Damaged status Not for loan Collection code Home library Current library Date acquired Total Checkouts Full call number Date last seen Price effective from Koha item type
    Dewey Decimal Classification     Undergraduate Theses UM Digos College - LIC UM Digos College - LIC 05/10/2024   UT 08/14/2024 08/14/2024 Undergraduate Thesis